Vista normal Vista MARC

Entrada Topical Term

Número de registros utilizados en: 1

001 - CONTROL NUMBER

  • control field: 1055

003 - CONTROL NUMBER IDENTIFIER

  • control field: OSt

005 - DATE AND TIME OF LATEST TRANSACTION

  • control field: 20200302142319.0

008 - FIXED-LENGTH DATA ELEMENTS

  • fixed length control field: 200302|| aca||aabn | a|a d

040 ## - CATALOGING SOURCE

  • Original cataloging agency: OSt
  • Transcribing agency: OSt

150 ## - HEADING--TOPICAL TERM

  • Topical term or geographic name entry element: Medio ambiente

670 ## - SOURCE DATA FOUND

  • Source citation: Work cat.: (OSt): Domínguez, Rafael, autor 1054, Recursos naturales, medio ambiente y sostenibilidad : , 2019